000 00307nam a22001337a 4500
008 180104b xxu||||| |||| 00| 0 eng d
020 _a2900495797134
041 _aeng
080 _a32
100 _a19
101 _aPOL
245 _aAMERICAN GOVERNMENT& POLITICS TODAY
_cSCHMIDT,S.W
942 _2udc
_cBK
999 _c39736
_d39736